000
00331 a2200133 4500
999
_c
11947
_d
11947
003
OSt
005
20240110140241.0
008
240110b ||||| |||| 00| 0 eng d
020
_a
978-8862424837
100
_a
Jacopo Leveratto
245
_a
Contested Spaces Concerted Projects /anglais
260
_b
Lettera ventidue
942
_2
ddc